Library Banner

جنرل کے قلعے سے ملکہ کی جیل میں (Record no. 80839)

MARC details
000 -LEADER
fixed length control field 00506nam a22001577a 4500
005 - DATE AND TIME OF LATEST TRANSACTION
control field 20151210093505.0
008 - FIXED-LENGTH DATA ELEMENTS--GENERAL INFORMATION
fixed length control field 151210b xxu||||| |||| 00| 0 eng d
020 ## - INTERNATIONAL STANDARD BOOK NUMBER
International Standard Book Number 9789698544309
040 ## - CATALOGING SOURCE
Transcribing agency PK-LaUMT
082 ## - DEWEY DECIMAL CLASSIFICATION NUMBER
Classification number MSC 394.2295491
Item number AFT-G
100 ## - MAIN ENTRY--PERSONAL NAME
Personal name آفتاب احمد
245 ## - TITLE STATEMENT
Title جنرل کے قلعے سے ملکہ کی جیل میں
Remainder of title سستا اور فوری انصاف
Statement of responsibility, etc آفتاب احمد
260 ## - PUBLICATION, DISTRIBUTION, ETC. (IMPRINT)
Place of publication, distribution, etc لاہور
Name of publisher, distributor, etc جمہوری پبلیکیشنز
Date of publication, distribution, etc 2007
300 ## - PHYSICAL DESCRIPTION
Extent 198 ص
942 ## - ADDED ENTRY ELEMENTS (KOHA)
Koha item type Books
Holdings
Withdrawn status Lost status Damaged status Home library Current library Date acquired Full call number Barcode Date last seen Price effective from Koha item type
      UMT Main Campus UMT Main Campus 2015-12-10 MSC 394.2295491 AFT-G 95141 2017-02-02 2015-12-10 Books